Normal view
MARC view
- التوحد - الامراض النفسية
Entry Topical Term
001 - CONTROL NUMBER
- control field: 42956
003 - CONTROL NUMBER IDENTIFIER
- control field: JO-AjAnu
005 - DATE AND TIME OF LATEST TRANSACTION
- control field: 20230606081125.0
008 - FIXED-LENGTH DATA ELEMENTS
- fixed length control field: 230606|| aca||aabn | a|a d
040 ## - CATALOGING SOURCE
- Original cataloging agency: JO-AjAnu
- Transcribing agency: JO-AjAnu
150 ## - HEADING--TOPICAL TERM
- Topical term or geographic name entry element: التوحد - الامراض النفسية
670 ## - SOURCE DATA FOUND
- Source citation: Work cat.: (JO-AjAnu)21999: الزراع ، نايف عابد/ م مشارك يحيى فوزي عبيدات, author 42955, الطلاب ذوو اضطرابات طيف التوحد ممارسة التدريس الفعالة=Students With AUTISMsPECTRUM Disorders